| 000 | 01207nam a2200253 a 4500 | ||
|---|---|---|---|
| 001 | 000043251 | ||
| 005 | 20201002040747.0 | ||
| 008 | 140303s2006 sp 000 0 spa d | ||
| 020 | _a8472329631 | ||
| 040 |
_aDO-SdBNP _bspa _cBNPHU |
||
| 100 | 1 |
_aRibes Leiva, Alberto J. _970853 |
|
| 245 | 1 | 0 |
_aFrancisco Ayala / _cprólogo de José Enrique Rodríguez Ibáñez ; edición e introducción de Alberto J. Ribes Leiva. |
| 260 |
_aMadrid : _bAgencia Española de Cooperación Internacional, Ministerio de Asuntos Exteriores y de Cooperación, _c2006. |
||
| 300 |
_a215 p. ; _c23 cm. |
||
| 490 | 1 |
_aCiencias y humanismo _v7 |
|
| 490 | 1 | _aAntología del pensamiento político social y económico español sobre América Latina | |
| 504 | _aIncluye referencias bibliográficas y notas al pie de las páginas | ||
| 504 | _aBibliografía : p. 196-198 | ||
| 500 | _aIncluye datos biográficos de la compiladora en la solapa de la cubierta | ||
| 700 | 1 |
_aRodríguez Ibáñez, José Enrique _epról. _970854 |
|
| 700 | 1 |
_aRibes Leiva, Alberto J. _eed. _970853 |
|
| 830 | 0 |
_aAntología del pensamiento político social y económico español sobre América Latina _970855 |
|
| 830 | 0 |
_aCiencias y humanismo _v7 _970218 |
|
| 999 |
_c42740 _d42740 |
||